Sociológia časopis Sociologického ústavu Slovenskej akadémie vied

Gespeichert in:
Bibliographische Detailangaben
Format: Schriftenreihe
Sprache:Slowakisch
Englisch
Veröffentlicht: Bratislava Slovak Academic Press 1997
Schlagworte:
Tags: Tag hinzufügen
Keine Tags, Fügen Sie das erste Tag hinzu!

MARC

LEADER 00000nas2a2200000 4500
001 s121386
005 20221220131414.4
022 |a 0049-1225 
041 0 |a slo 
041 0 |a eng 
044 |a SK 
245 1 0 |a Sociológia  |b časopis Sociologického ústavu Slovenskej akadémie vied 
264 1 |a Bratislava  |b Slovak Academic Press  |c 1997 
300 |a 1 zv. 
773 0 |w eu_un_cat*s120023 
610 2 0 |a sociológia 
610 2 0 |a štúdie sociologické 
610 2 0 |a výskum sociologický